<?xml version="1.0" encoding="UTF-8"?>
<collection xmlns="http://www.loc.gov/MARC21/slim">
 <record>
  <leader>02264pam a22002898a 4500</leader>
  <controlfield tag="001">00023013</controlfield>
  <controlfield tag="005">20171026081022.0</controlfield>
  <controlfield tag="008">110608s2005                  ||||||Viesd</controlfield>
  <datafield tag="041" ind1="0" ind2="#">
   <subfield code="a">Vie</subfield>
  </datafield>
  <datafield tag="082" ind1="1" ind2="4">
   <subfield code="a">930</subfield>
   <subfield code="b">L302S</subfield>
  </datafield>
  <datafield tag="100" ind1="0" ind2="#">
   <subfield code="a">Phan Ngọc Liên</subfield>
   <subfield code="d">Chủ biên</subfield>
  </datafield>
  <datafield tag="245" ind1="0" ind2="0">
   <subfield code="a">Lịch sử Thế Giới Cận đại</subfield>
   <subfield code="b">Giáo trình CĐSP</subfield>
   <subfield code="c">Phan Ngọc Liên, Đào Tuấn Thành, Phạm Thu Nga, Đoàn Trung</subfield>
  </datafield>
  <datafield tag="260" ind1="#" ind2="#">
   <subfield code="a">H.</subfield>
   <subfield code="b">ĐHSP</subfield>
   <subfield code="c">2005</subfield>
  </datafield>
  <datafield tag="300" ind1="#" ind2="#">
   <subfield code="a">401 tr.</subfield>
   <subfield code="c">24 cm.</subfield>
  </datafield>
  <datafield tag="500" ind1="#" ind2="#">
   <subfield code="a">ĐBSG: Bộ GD &amp; ĐT - dự án đào tạo giáo viên THCS</subfield>
  </datafield>
  <datafield tag="653" ind1="#" ind2="#">
   <subfield code="a">Lịch sử cận đại</subfield>
  </datafield>
  <datafield tag="653" ind1="#" ind2="#">
   <subfield code="a">Lịch sử thế giới</subfield>
  </datafield>
  <datafield tag="653" ind1="#" ind2="#">
   <subfield code="a">giáo trình</subfield>
  </datafield>
  <datafield tag="700" ind1="0" ind2="#">
   <subfield code="a">Phạm Thu Nga</subfield>
  </datafield>
  <datafield tag="700" ind1="0" ind2="#">
   <subfield code="a">Đoàn Trung</subfield>
  </datafield>
  <datafield tag="700" ind1="0" ind2="#">
   <subfield code="a">Đào Tuấn Thành</subfield>
  </datafield>
  <datafield tag="852" ind1="#" ind2="#">
   <subfield code="b">Kho giáo trình</subfield>
   <subfield code="j">KGT.0026630, KGT.0026631, KGT.0026632, KGT.0026633, KGT.0026634, KGT.0026635, KGT.0026636, KGT.0026637, KGT.0026638, KGT.0026639, KGT.0026640, KGT.0026641, KGT.0026642, KGT.0026643, KGT.0026644, KGT.0026645, KGT.0026646, KGT.0026647, KGT.0026648, KGT.0026649, KGT.0026650, KGT.0026651, KGT.0026652, KGT.0026653, KGT.0026654, KGT.0026655, KGT.0026656, KGT.0026657, KGT.0026658, KGT.0026659, KGT.0026660, KGT.0026661, KGT.0026662, KGT.0026663, KGT.0026664, KGT.0026665, KGT.0026666, KGT.0026667, KGT.0026668, KGT.0026669, KGT.0026670, KGT.0026671, KGT.0026672, KGT.0026673, KGT.0026674, KGT.0026675, KGT.0037842</subfield>
  </datafield>
  <datafield tag="852" ind1="#" ind2="#">
   <subfield code="b">Kho mượn</subfield>
   <subfield code="j">KGT.0026630</subfield>
  </datafield>
  <datafield tag="852" ind1="#" ind2="#">
   <subfield code="b">Kho đọc</subfield>
   <subfield code="j">KD.0009886</subfield>
  </datafield>
  <datafield tag="852" ind1="#" ind2="#">
   <subfield code="j">KGT.0026630</subfield>
   <subfield code="j">KGT.0026631</subfield>
   <subfield code="j">KGT.0026633</subfield>
   <subfield code="j">KGT.0026634</subfield>
   <subfield code="j">KGT.0026636</subfield>
   <subfield code="j">KGT.0026637</subfield>
   <subfield code="j">KGT.0026639</subfield>
   <subfield code="j">KGT.0026640</subfield>
   <subfield code="j">KGT.0026642</subfield>
   <subfield code="j">KGT.0026643</subfield>
   <subfield code="j">KGT.0026645</subfield>
   <subfield code="j">KGT.0026647</subfield>
   <subfield code="j">KGT.0026648</subfield>
   <subfield code="j">KGT.0026650</subfield>
   <subfield code="j">KGT.0026651</subfield>
   <subfield code="j">KGT.0026653</subfield>
   <subfield code="j">KGT.0026654</subfield>
   <subfield code="j">KGT.0026656</subfield>
   <subfield code="j">KGT.0026657</subfield>
   <subfield code="j">KGT.0026659</subfield>
   <subfield code="j">KGT.0026660</subfield>
   <subfield code="j">KGT.0026662</subfield>
   <subfield code="j">KGT.0026663</subfield>
   <subfield code="j">KGT.0026665</subfield>
   <subfield code="j">KGT.0026667</subfield>
   <subfield code="j">KGT.0026669</subfield>
   <subfield code="j">KGT.0026670</subfield>
   <subfield code="j">KGT.0026671</subfield>
   <subfield code="j">KGT.0026673</subfield>
   <subfield code="j">KGT.0026674</subfield>
   <subfield code="j">KD.0009886</subfield>
   <subfield code="j">KGT.0037842</subfield>
   <subfield code="j">KGT.0026632</subfield>
   <subfield code="j">KGT.0026635</subfield>
   <subfield code="j">KGT.0026638</subfield>
   <subfield code="j">KGT.0026641</subfield>
   <subfield code="j">KGT.0026644</subfield>
   <subfield code="j">KGT.0026646</subfield>
   <subfield code="j">KGT.0026649</subfield>
   <subfield code="j">KGT.0026652</subfield>
   <subfield code="j">KGT.0026655</subfield>
   <subfield code="j">KGT.0026658</subfield>
   <subfield code="j">KGT.0026661</subfield>
   <subfield code="j">KGT.0026664</subfield>
   <subfield code="j">KGT.0026666</subfield>
   <subfield code="j">KGT.0026668</subfield>
   <subfield code="j">KGT.0026672</subfield>
   <subfield code="j">KGT.0026675</subfield>
  </datafield>
  <datafield tag="910" ind1="0" ind2="#">
   <subfield code="a">ngọc</subfield>
   <subfield code="d">08/06/2011</subfield>
  </datafield>
  <datafield tag="980" ind1="#" ind2="#">
   <subfield code="a">Trung tâm Học liệu Lê Vũ Hùng, Trường Đại học Đồng Tháp</subfield>
  </datafield>
 </record>
</collection>
